LEADER 02830nam0 2200361 4500 001 000037916 005 20250507095019.0 010 $a978-88-351-3760-3$be-book pdf 100 $a20250429d2022----km-y0itay50------ba 101 0 $aita 102 $aIT 105 $ay-------001yy 106 $as 135 $adoug----uuuuu 200 1 $aGiacomo Matteotti e la recidiva$brisorsa elettronica$euna nuova idea di giustizia criminale$fPaolo Passaniti 210 $aMilano$cAngeli$d2022 215 $a184 p.$d23 cm$c1 testo elettronico 225 2 $aCollana della Fondazione di studi storici Filippo Turati$v52 230 $aDati testuali (1 file) 300 $aModalità di accesso: World Wide Web 327 1 $aIndice del libro free access:$uhttp://digital.casalini.it/9788835143628 330 $aIl volume ripercorre l’itinerario giuspenalistico di Giacomo Matteotti, con particolare riferimento allo studio sulla recidiva che avrebbe dovuto costituire il primo passo della carriera accademica fortemente incoraggiata dal maestro liberale Alessandro Stoppato e da Luigi Lucchini. All’inizio del Novecento, un periodo caratterizzato dal riformismo penale e dall’avvicinamento di stampo eclettico tra la scuola classica e la scuola positiva, il giovane Matteotti cerca di coniugare il profilo etico del magistero penale con la criminologia, riportando la recidiva nell’alveo giuridico. Il profilo criminologico della temibilità sociale, tratteggiato nel confronto con la dottrina europea, non è fondato su classificazioni antropologiche, ma sulla fondamentale distinzione tra primari, che normalmente non ricadono nel reato, e i recidivi considerati incorreggibili. Emerge un programma di giustizia criminale con un’articolata graduazione del regime punitivo, intorno alla legalità della valutazione della persona. Il libro intende così recuperare il significato autentico del contributo alla scienza penalistica di Giacomo Matteotti, per troppo tempo marginalizzato dal peso del martirio, e allo stesso tempo offrire una riflessione sul diritto penale di inizio Novecento con molte domande ancora oggi in cerca di una risposta. 410 0$12001$aCollana della Fondazione di studi storici Filippo Turati$v52 500 10$aGiacomo Matteotti e la recidiva$94307261 610 1 $aRecidiva$aItalia$aConcezione [di] Matteotti, Giacomo 676 $a345.4503$v23$9Diritto penale. Delinquenti. Italia 700 1$aPassaniti,$bPaolo$4070$0501285 801 0$aIT$bUNIPARTHENOPE$c20250429$gRICA$2UNIMARC 856 4 $uhttp://digital.casalini.it/9788835143628$zAccesso limitato alla rete di Ateneo Università di Napoli "Parthenope"$eData ultima consultazione: 2025-04-29 912 $a000037916 951 $aE-BOOK$b49891$cNAVA1$d2025 996 $aGiacomo Matteotti e la recidiva$94307261 997 $aUNIPARTHENOPE